[Event "Sochi ChessAmateur op"]
[Site "Sochi"]
[Date "2018.04.07"]
[Round "9"]
[White "Gridnev, Yury"]
[Black "Sverkunov, Oleg"]
[Result "1-0"]
[WhiteElo "2090"]
[BlackElo "1843"]
[PlyCount "63"]
[EventDate "2018.04.01"]
[EventType "swiss"]
[EventRounds "9"]
[EventCountry "RUS"]
[SourceTitle "CBM 184 Extra"]
[Source "ChessBase"]
[SourceDate "2018.06.28"]
[SourceVersion "1"]
[SourceVersionDate "2018.06.28"]
[SourceQuality "1"]

1. Nf3 Nf6 2. c4 d5 3. cxd5 Nxd5 4. Nc3 g6 5. e4 Nxc3 6. bxc3 Bg7 7. d4 0-0 8. Be2 c5 9. 0-0 Bg4 10. Be3 Qa5 11. Qb3 Qc7 12. Rab1 Bc8 13. d5 Nd7 14. Nd2 Rb8 15. a4 Nf6 16. h3 e6 17. c4 Re8 18. Bf3 Nd7 19. g3 e5 20. Qc2 Rf8 21. g4 Nf6 22. Be2 Ne8 23. Rb3 f5 24. f3 Nd6 25. Bd3 Qe7 26. Bxc5 b6 27. Bxd6 Qxd6 28. c5 Qd8 29. Qc4 Qh4 30. Kg2 fxg4 31. fxg4 Rxf1 32. Bxf1 1-0

[Event "Krasnodar Winter op"]
[Site "Krasnodar"]
[Date "2014.12.18"]
[Round "2"]
[White "Sverkunov, Oleg"]
[Black "Sluzhilov, Aleksandr"]
[Result "0-1"]
[WhiteElo "1864"]
[BlackElo "2008"]
[PlyCount "82"]
[EventDate "2014.12.17"]
[EventType "swiss"]
[EventRounds "9"]
[EventCountry "RUS"]
[SourceTitle "CBM 164 Extra"]
[Source "ChessBase"]
[SourceDate "2015.03.02"]
[SourceVersion "1"]
[SourceVersionDate "2015.03.02"]
[SourceQuality "1"]

1. e4 c5 2. Nf3 a6 3. c4 d6 4. d4 cxd4 5. Nxd4 Nf6 6. Nc3 Nc6 7. Be2 e6 8. Nc2 Be7 9. 0-0 0-0 10. Bg5 Qc7 11. Ne3 b6 12. Bf4 Bb7 13. Bg3 Ne5 14. f4 Ned7 15. Bf3 Rfd8 16. Rc1 Rac8 17. Re1 Qb8 18. Qe2 Qa8 19. Nc2 Bc6 20. Nd4 Bb7 21. Kh1 Rc7 22. f5 e5 23. Nc2 Rdc8 24. Ne3 Nxe4 25. Nxe4 Bxe4 26. Nd5 Bxd5 27. Bxd5 Qa7 28. Qh5 Rf8 29. Bh4 Bxh4 30. Qxh4 Nf6 31. Bf3 Qb8 32. Rcd1 Rfc8 33. b3 Rc5 34. g4 h6 35. Qg3 Kf8 36. h4 Ke7 37. g5 hxg5 38. Qxg5 b5 39. Bd5 bxc4 40. Bxc4 Rh8 41. Kg2 Qa8+ 0-1

[Event "Krasnodar Region Cup"]
[Site "Krasnodar"]
[Date "2013.01.25"]
[Round "3"]
[White "Sverkunov, Oleg"]
[Black "Bogachkov, Vladislav"]
[Result "0-1"]
[WhiteElo "1886"]
[BlackElo "2120"]
[PlyCount "112"]
[EventDate "2013.01.23"]
[EventType "swiss"]
[EventRounds "8"]
[EventCountry "RUS"]
[SourceTitle "EXT 2023"]
[Source "ChessBase"]
[SourceDate "2022.10.05"]
[SourceVersion "1"]
[SourceVersionDate "2022.10.05"]
[SourceQuality "1"]

1. e4 Nc6 2. d4 e5 3. d5 Nce7 4. Nf3 Ng6 5. Nc3 Nf6 6. g3 Bb4 7. Qd3 0-0 8. Bd2 d6 9. a3 Ba5 10. b4 Bb6 11. Na4 c6 12. Nxb6 Qxb6 13. Be3 Qc7 14. c4 Bg4 15. Bg2 Rfc8 16. Rc1 h6 17. 0-0 cxd5 18. cxd5 Qd8 19. Nd2 Bd7 20. h3 Ne8 21. Nb1 Nc7 22. Nc3 Qe8 23. Rfe1 a5 24. Bb6 axb4 25. axb4 Nb5 26. Nxb5 Bxb5 27. Qb3 Qd7 28. Kh2 Ra6 29. Rxc8+ Qxc8 30. Be3 Qc4 31. Qxc4 Bxc4 32. Bf1 Bxf1 33. Rxf1 Ra4 34. b5 Rxe4 35. Rc1 Ne7 36. Rc7 Nxd5 37. Rxb7 Nxe3 38. fxe3 Rxe3 39. Rb8+ Kh7 40. b6 Re2+ 41. Kg1 Rb2 42. b7 Kg6 43. Kf1 Kf5 44. Ke1 Ke4 45. Kd1 d5 46. Kc1 Rb6 47. Kd2 d4 48. Kc2 f5 49. Kd2 g5 50. Rh8 Rxb7 51. Rxh6 Rb2+ 52. Kc1 Rg2 53. h4 Rxg3 54. h5 Rg2 55. Rg6 g4 56. h6 Rh2 0-1

[Event "Krasnodar Region-ch"]
[Site "Krasnodar"]
[Date "2012.10.07"]
[Round "6"]
[White "Sverkunov, Oleg"]
[Black "Lugovskoy, Dmitriy"]
[Result "0-1"]
[WhiteElo "1895"]
[BlackElo "2011"]
[PlyCount "72"]
[EventDate "2012.10.02"]
[EventType "swiss"]
[EventRounds "9"]
[EventCountry "RUS"]
[SourceTitle "EXT 2013"]
[Source "ChessBase"]
[SourceDate "2012.11.22"]
[SourceVersion "1"]
[SourceVersionDate "2012.11.22"]
[SourceQuality "1"]

1. c4 e6 2. g3 d5 3. Bg2 Nf6 4. Nf3 Bd6 5. 0-0 0-0 6. d3 c5 7. Nfd2 Nc6 8. Nc3 d4 9. Nce4 Nxe4 10. dxe4 e5 11. f4 f6 12. Nf3 Be6 13. b3 a6 14. Bd2 b5 15. Rc1 bxc4 16. bxc4 Rb8 17. Qa4 Qc7 18. Rb1 Bd7 19. Qa3 exf4 20. Rxb8 Rxb8 21. gxf4 Nb4 22. Ne1 Be6 23. Bxb4 cxb4 24. Qxa6 Bxc4 25. Qa4 Bxe2 26. e5 Bc5 27. Qb3+ Kh8 28. Nd3 Bxf1 29. Bxf1 fxe5 30. Nxe5 Rf8 31. Bc4 d3+ 32. Kg2 Rxf4 33. Nf7+ Rxf7 34. Bxf7 Qf4 35. Qd5 Qg4+ 36. Kh1 Qg1# 0-1

[Event "Krasnodar Region-ch"]
[Site "Krasnodar"]
[Date "2012.10.06"]
[Round "5"]
[White "Sverkunov, Oleg"]
[Black "Nemtsev, Savely Vladimirovic"]
[Result "1-0"]
[WhiteElo "1895"]
[BlackElo "2087"]
[PlyCount "67"]
[EventDate "2012.10.02"]
[EventType "swiss"]
[EventRounds "9"]
[EventCountry "RUS"]
[SourceTitle "EXT 2013"]
[Source "ChessBase"]
[SourceDate "2012.11.22"]
[SourceVersion "1"]
[SourceVersionDate "2012.11.22"]
[SourceQuality "1"]

1. Nf3 f5 2. d4 Nf6 3. Bf4 e6 4. h3 d5 5. e3 Bd6 6. Ne5 0-0 7. Nd2 c6 8. Be2 b6 9. g4 Ne4 10. Nxe4 fxe4 11. g5 Bxe5 12. Bxe5 Qxg5 13. Bg4 Qe7 14. Rg1 g6 15. Qe2 Ba6 16. Qd2 Nd7 17. Bf4 c5 18. 0-0-0 Rac8 19. Bh6 Rf7 20. Kb1 Nf6 21. Bg5 Qe8 22. f4 exf3 23. Bxf3 Ne4 24. Bxe4 dxe4 25. h4 e5 26. d5 Qd7 27. h5 Qd6 28. Qh2 Rcc7 29. Rg4 Bc4 30. Rxe4 Bxd5 31. Rxe5 Bxa2+ 32. Kc1 Qxd1+ 33. Kxd1 Rcd7+ 34. Ke1 1-0

[Event "Krasnodar Region-ch"]
[Site "Krasnodar"]
[Date "2012.10.02"]
[Round "1"]
[White "Sverkunov, Oleg"]
[Black "Tsiss, Alexander"]
[Result "0-1"]
[WhiteElo "1895"]
[BlackElo "2272"]
[PlyCount "52"]
[EventDate "2012.10.02"]
[EventType "swiss"]
[EventRounds "9"]
[EventCountry "RUS"]
[SourceTitle "EXT 2013"]
[Source "ChessBase"]
[SourceDate "2012.11.22"]
[SourceVersion "1"]
[SourceVersionDate "2012.11.22"]
[SourceQuality "1"]

1. c4 c5 2. Nf3 Nc6 3. d4 cxd4 4. Nxd4 g6 5. e4 Bg7 6. Be3 Nf6 7. Nc3 d6 8. Be2 0-0 9. 0-0 Nxd4 10. Bxd4 Be6 11. f3 Qa5 12. Kh1 Rac8 13. b3 a6 14. Qd2 b5 15. cxb5 axb5 16. Qb2 b4 17. Nb5 Nh5 18. Bxg7 Nxg7 19. Qd4 Rc2 20. Bd3 Rxa2 21. Rxa2 Qxa2 22. Bc4 Rc8 23. Ra1 Qc2 24. Bxe6 Nxe6 25. Qxb4 Nf4 26. Rg1 Nd3 0-1

[Event "Krasnodar Summer op"]
[Site "Krasnodar"]
[Date "2012.07.14"]
[Round "5"]
[White "Frolov, Lev"]
[Black "Sverkunov, Oleg"]
[Result "1/2-1/2"]
[WhiteElo "1959"]
[BlackElo "1912"]
[PlyCount "101"]
[EventDate "2012.07.10"]
[EventType "swiss"]
[EventRounds "9"]
[EventCountry "RUS"]
[SourceTitle "EXT 2013"]
[Source "ChessBase"]
[SourceDate "2012.11.22"]
[SourceVersion "1"]
[SourceVersionDate "2012.11.22"]
[SourceQuality "1"]

1. d4 Nf6 2. c4 g6 3. Nc3 Bg7 4. e4 0-0 5. f3 d6 6. Be3 Nc6 7. Bd3 e5 8. d5 Nb4 9. Bb1 a5 10. Nge2 Nd7 11. a3 Na6 12. Bc2 b6 13. 0-0 f5 14. Qd2 f4 15. Bf2 Nf6 16. b4 axb4 17. axb4 Bd7 18. Nb5 g5 19. h3 h5 20. Rfb1 Kh7 21. Kf1 Bh6 22. Bd3 Rg8 23. c5 bxc5 24. bxc5 dxc5 25. Na7 Rxa7 26. Rxa6 Rxa6 27. Bxa6 Bf8 28. Qc3 Bd6 29. Bxc5 g4 30. hxg4 hxg4 31. Bd3 Nh5 32. Bxd6 cxd6 33. Rb7 gxf3 34. gxf3 Rg7 35. Ke1 Qh4+ 36. Kd2 Qf2 37. Qb4 Qxf3 38. Qxd6 Qe3+ 39. Kc3 f3 40. Qxe5 Kh6 41. Qd4 Qg5 42. Rb6+ Kh7 43. e5+ Bf5 44. Bxf5+ Qxf5 45. Qe3 Rc7+ 46. Kd4 Qg4+ 47. Kd3 Qc4+ 48. Kd2 Qxd5+ 49. Ke1 Rc6 50. Rxc6 Qxc6 51. Nd4 1/2-1/2

[Event "Krasnodar Summer"]
[Site "Krasnodar"]
[Date "2010.07.03"]
[Round "14"]
[White "Morozov, Ruslan"]
[Black "Sverkunov, Oleg"]
[Result "1-0"]
[WhiteElo "1954"]
[BlackElo "1882"]
[PlyCount "97"]
[EventDate "2010.05.22"]
[EventType "tourn"]
[EventRounds "15"]
[EventCountry "RUS"]
[SourceTitle "EXT 2022"]
[Source "ChessBase"]
[SourceDate "2021.10.06"]
[SourceVersion "1"]
[SourceVersionDate "2021.10.06"]
[SourceQuality "1"]

1. d4 Nf6 2. Nc3 d5 3. Bf4 c6 4. Qd2 Bf5 5. f3 h6 6. g4 Bh7 7. e3 Nbd7 8. 0-0-0 Nb6 9. Kb1 e6 10. h4 Bd6 11. Nh3 Qc7 12. Bxd6 Qxd6 13. Nf4 e5 14. dxe5 Qxe5 15. Bd3 0-0-0 16. Bxh7 Nxh7 17. Qd4 Rhe8 18. Rhe1 Kb8 19. b3 Nf6 20. Nd3 Qg3 21. Qf4+ Qxf4 22. exf4 Nfd7 23. a4 f6 24. Kc1 Kc7 25. Kd2 Nc8 26. Rxe8 Rxe8 27. Re1 Rxe1 28. Kxe1 Kd6 29. Kd2 Nc5 30. Ne2 Nxd3 31. Kxd3 c5 32. Ng3 Ne7 33. Nh5 Ng6 34. Nxg7 Nxh4 35. Nh5 Ke6 36. f5+ Nxf5 37. gxf5+ Kxf5 38. Ke3 d4+ 39. Kf2 b6 40. Ng3+ Ke5 41. Ne4 f5 42. Nd2 Kf4 43. Nc4 h5 44. a5 b5 45. Nd6 a6 46. Nxb5 h4 47. Nc7 h3 48. Nxa6 h2 49. Kg2 1-0

[Event "Krasnodar Summer"]
[Site "Krasnodar"]
[Date "2010.06.29"]
[Round "8"]
[White "Sverkunov, Oleg"]
[Black "Maslianok, Sergey"]
[Result "0-1"]
[WhiteElo "1882"]
[BlackElo "2031"]
[PlyCount "96"]
[EventDate "2010.05.22"]
[EventType "tourn"]
[EventRounds "15"]
[EventCountry "RUS"]
[SourceTitle "EXT 2022"]
[Source "ChessBase"]
[SourceDate "2021.10.06"]
[SourceVersion "1"]
[SourceVersionDate "2021.10.06"]
[SourceQuality "1"]

1. c4 h6 2. Nf3 a6 3. d4 d6 4. Nc3 e6 5. e4 Ne7 6. Bd3 g5 7. Be3 Bg7 8. Qe2 Nbc6 9. d5 Ne5 10. Nxe5 Bxe5 11. h4 gxh4 12. Qh5 Ng6 13. Ne2 Qf6 14. Rb1 Bd7 15. 0-0 Nf4 16. Bxf4 Bxf4 17. Qf3 e5 18. Nxf4 exf4 19. Be2 Rg8 20. Kh2 0-0-0 21. Qc3 Qg6 22. Bf3 Rde8 23. c5 dxc5 24. Qxc5 b6 25. Qd4 Bg4 26. Rg1 Qd6 27. Rbc1 Bd7 28. a4 a5 29. Rge1 f6 30. Rc4 Kb8 31. b4 axb4 32. Rxb4 c5 33. dxc6 Qxd4 34. Rxd4 Bxc6 35. Rd6 Kb7 36. Rxf6 Bxa4 37. Rb1 b5 38. Rxf4 Re5 39. Rxh4 Rg6 40. Be2 Rb6 41. f3 b4 42. f4 Rc5 43. e5 Bc2 44. Rb2 Be4 45. Rh3 Rc3 46. Rg3 Rc2 47. Rgb3 Rxb2 48. Rxb2 Kc6 0-1

[Event "Krasnodar Summer"]
[Site "Krasnodar"]
[Date "2010.06.25"]
[Round "4"]
[White "Sverkunov, Oleg"]
[Black "Trubchaninov, Timur"]
[Result "1/2-1/2"]
[WhiteElo "1882"]
[BlackElo "1757"]
[PlyCount "43"]
[EventDate "2010.05.22"]
[EventType "tourn"]
[EventRounds "15"]
[EventCountry "RUS"]
[SourceTitle "EXT 2022"]
[Source "ChessBase"]
[SourceDate "2021.10.06"]
[SourceVersion "1"]
[SourceVersionDate "2021.10.06"]
[SourceQuality "1"]

1. c4 e6 2. g3 d5 3. Bg2 dxc4 4. Nc3 c6 5. Qa4 b5 6. Nxb5 Qb6 7. Qxc4 Ba6 8. a4 Nf6 9. Qf4 Bxb5 10. axb5 Qxb5 11. Qc7 Bc5 12. Qc8+ Ke7 13. Qxh8 Qb7 14. Qxg7 Nbd7 15. Nh3 Rg8 16. Qh6 e5 17. 0-0 Rg6 18. Qh4 Rg4 19. Qh6 Rg6 20. Qh4 Rg4 21. Qh6 Rg6 22. Qh4 1/2-1/2

[Event "Krasnodar Spring-B"]
[Site "Krasnodar"]
[Date "2010.04.12"]
[Round "12"]
[White "Piven, Vladimir"]
[Black "Sverkunov, Oleg"]
[Result "1-0"]
[WhiteElo "1851"]
[BlackElo "1886"]
[PlyCount "71"]
[EventDate "2010.04.08"]
[EventType "tourn"]
[EventRounds "13"]
[EventCountry "RUS"]
[SourceTitle "EXT 2012"]
[Source "ChessBase"]
[SourceDate "2011.11.24"]
[SourceVersion "1"]
[SourceVersionDate "2011.11.24"]
[SourceQuality "1"]

1. c4 e5 2. Nc3 Nc6 3. g3 Nf6 4. Bg2 Be7 5. Nf3 0-0 6. d4 d6 7. 0-0 Rb8 8. d5 Na5 9. Qd3 c5 10. Rb1 b6 11. Nd2 Ne8 12. e4 f5 13. exf5 Bxf5 14. Be4 g6 15. f3 a6 16. g4 Bd7 17. b4 cxb4 18. Rxb4 Bg5 19. Bxg6 hxg6 20. Qxg6+ Ng7 21. Nde4 Bxc1 22. Rxc1 Qh4 23. Rf1 Nb7 24. Rxb6 Be8 25. Qg5 Qxg5 26. Nxg5 Bg6 27. Nge4 Nc5 28. Nf6+ Rxf6 29. Rxb8+ Rf8 30. Rxf8+ Kxf8 31. h4 Bd3 32. Rc1 Ne8 33. Kf2 Kg7 34. Ke3 Nc7 35. f4 exf4+ 36. Kxf4 1-0